| 000 | 00471cam a2200181ua 4500 | ||
|---|---|---|---|
| 001 | 5111 | ||
| 008 | 120730n ii |||gr||||Z||||||eng | ||
| 020 | _a81-260-326-8 | ||
| 040 | _cMAIN | ||
| 082 | _a820.954 | ||
| 100 |
_aSastri, Asoke Chatterjee, _eAuthor., |
||
| 245 | 1 | 1 |
_aCaitanya _cby Asoke Chatterjee Sastri |
| 250 | _a1st. | ||
| 260 |
_aNew Delhi: _bSahitya Akademi., _c1998. |
||
| 300 |
_a97p: _c23cm. |
||
| 653 | _aEnglish.& Old English literatures | ||
| 942 | _cBK | ||
| 999 |
_c4293 _d4293 |
||